000 01207nam a2200325 i 4500
003 DO-SdBNP
005 20240625112158.0
006 a||||gr|||| 00| 0
007 ta
008 240515t2009 dr ao||| 6||| 00| f spa d
020 _a9788497402958
040 _aDO-SdBNP
_bspa
_cBNPHU
_erda
082 4 _bZ33m
_222
100 1 _aZanz Hermida, Jacobo
_eautor
_985756
245 1 0 _aMonjas en guerra 1808-1814:
_btestimonios de mujeres desde el claustro /
_cJacobo Sanz Hermida; selección y notas, Ma. Leticia Sanchez Hernandez
264 4 _aMadrid, Epaña :
_bCastalia,
_c©2009
300 _a37 páginas :
_bilustraciones, retratos ;
_c28 cm.
336 _2rdacontent
_atexto
_btxt
337 _2rdamedia
_asin mediación
_bn
338 _2rdacarrier
_avolumen
_bnc
490 _aBIBLIOTECADEESCRITORES ;
_v54
500 _aIncluye bibliografía y notas al pie de páginas.
504 _aBibliografía: páginas 205 - 207
590 _aInventariado 2024 / MF
650 4 _aLiteratura española
_976857
650 4 _aLiteratura española
_xRelatos Personales
_985758
650 4 _aNovela Hitórica Española
_96177
700 1 _aSánchez Hernández, Ma. Leticia,
_eprólogo
_985757
942 _2ddc
_cLBS1
999 _c56676
_d56676